Administración: enfoque por competencias con casos latinoamericanos (Registro nro. 11444)
[ vista simple ]
| 000 -CABECERA | |
|---|---|
| campo de control de longitud fija | 01528nam a22004937a 4500 |
| 005 - FECHA Y HORA DE ACTUALIZACIÓN | |
| campo de control | 20181211173247.0 |
| 008 - LONGITUD FIJA | |
| campo de control de longitud fija | 181211b xxu||||| |||| 00| 0 spa d |
| 020 ## - INTERNATIONAL STANDARD BOOK NUMBER | |
| Número Internacional Estándar del Libro | 9786077079347 |
| 041 ## - IDIOMA | |
| Código de idioma del texto/pista de sonido o título separado | |
| 082 ## - CLASIFICACIÓN DECIMAL DEWEY | |
| Número de clasificación | 658 M688a |
| 100 ## - AUTOR PERSONAL | |
| Nombre de persona | Mochón Morcillo, Francisco |
| 100 ## - AUTOR PERSONAL | |
| Nombre de persona | Mochón, María del Carmen |
| 100 ## - AUTOR PERSONAL | |
| Nombre de persona | Sáez Mochón, Marta |
| 245 ## - TÍTULO PROPIAMENTE DICHO | |
| Título | Administración: enfoque por competencias con casos latinoamericanos |
| 260 ## - PIE DE IMPRENTA | |
| Lugar de publicación, distribución, etc. | México |
| 260 ## - PIE DE IMPRENTA | |
| Nombre del editor, distribuidor, etc. | Alfaomega |
| 260 ## - PIE DE IMPRENTA | |
| Fecha de publicación, distribución, etc. | 2015 |
| 300 ## - DESCRIPCIÓN FÍSICA | |
| Extensión | 564 páginas |
| 650 ## - Materia General | |
| Materia general | ADMINISTRACIÓN |
| 650 ## - Materia General | |
| Materia general | ORGANIZACIÓN |
| 650 ## - Materia General | |
| Materia general | COMPORTAMIENTO ORGANIZACIONAL |
| 650 ## - Materia General | |
| Materia general | TEORÍAS DE LA ADMINISTRACIÓN |
| 650 ## - Materia General | |
| Materia general | ELEMENTOS DE LA ORGANIZACIÓN |
| 650 ## - Materia General | |
| Materia general | ENTORNO |
| 650 ## - Materia General | |
| Materia general | CULTURA ORGANIZACIONAL |
| 650 ## - Materia General | |
| Materia general | GLOBALIZACIÓN |
| 650 ## - Materia General | |
| Materia general | COMERCIO INTERNACIONAL |
| 650 ## - Materia General | |
| Materia general | RESPONSABILIDAD SOCIAL CORPORATIVA |
| 650 ## - Materia General | |
| Materia general | TOMA DE DECISIONES |
| 650 ## - Materia General | |
| Materia general | PLANEACIÓN |
| 650 ## - Materia General | |
| Materia general | ADMINISTRACIÓN ESTRATÉGICA |
| 650 ## - Materia General | |
| Materia general | ESTRUCTURA ORGANIZATIVA |
| 650 ## - Materia General | |
| Materia general | RECURSOS HUMANOS |
| 650 ## - Materia General | |
| Materia general | COMITÉS |
| 650 ## - Materia General | |
| Materia general | GRUPOS |
| 650 ## - Materia General | |
| Materia general | EQUIPOS |
| 650 ## - Materia General | |
| Materia general | CAMBIO |
| 650 ## - Materia General | |
| Materia general | INNOVACIÓN |
| 650 ## - Materia General | |
| Materia general | LIDERAZGO |
| 650 ## - Materia General | |
| Materia general | MOTIVACIÓN |
| 650 ## - Materia General | |
| Materia general | COMUNICACIÓN |
| 650 ## - Materia General | |
| Materia general | ADMINISTRACIÓN DE OPERACIONES |
| 942 ## - Punto de Acceso Adicional Koha | |
| Tipo de ítem Koha | Libro |
| Estado perdido | Estado dañado | No para préstamo | Biblioteca permanente | Biblioteca actual | Signatura completa | Código de barras | Precio efectivo a partir del | Tipo de ítem |
|---|---|---|---|---|---|---|---|---|
| Departamento de Biblioteca y Documentación Alfonso Chase Brenes | Departamento de Biblioteca y Documentación Alfonso Chase Brenes | 658 M688a | 23821 | 11/12/2018 | Libro |